NFL 2022-2023 Starting 3 Wide Receivers - Statistics

General Stats
  • This quiz has been taken 4,745 times
    4,040 since last reset
  • The average score is 51 of 96
Answer Stats
# Starts Teams Quarterback % Correct
19 49ers Deebo Samuel
95%
13 Chargers Keenan Allen
91%
10 Commanders Curtis Samuel
89%
10 Rams Cooper Kupp
88%
11 49ers Brandon Aiyuk
85%
9 Chiefs JuJu Smith-Schuster
84%
18 Vikings Justin Jefferson
83%
14 Lions Amon-Ra St. Brown
82%
6 Eagles DeVonta Smith
82%
19 Bears Equanimeous St. Brown
82%
1 Bengals Ja´Marr Chase
82%
12 Rams Van Jefferson
82%
11 Eagles A.J. Brown
81%
81 Chargers Mike Williams
81%
12 Panthers Shi SMith
81%
10 Saints Tre'Quan Smith
81%
2 Cardinals Marquise Brown
80%
85 Cowboys Noah Brown
80%
14 Bills Stefon Diggs
80%
10 Dolphins Tyreek Hill
80%
14 Seahawks DK Metcalf
77%
85 Bengals Tee Higgins
77%
17 Raiders Devante Adams
76%
2 Panthers D.J. Moore
76%
88 Cowboys CeeDee Lamb
75%
15 Texans Chris Moore
75%
8 Jets Elijah Moore
75%
13 Buccaneers Mike Evans
75%
17 Dolphins Jaylon Waddle
74%
16 Seahawks Tyler Lockett
73%
13 Bills Gabriel Davis
71%
2 Browns Amari Cooper
70%
84 Jets Corey Davis
70%
10 Cardinals DeAndre Hopkins
70%
14 Buccaneers Chris Godwin
69%
11 Browns Donovan Peoples-Jones
69%
11 Colts Michael Pittman Jr.
67%
7 Jaguars Zay Jones
67%
19 Vikings Adam Thielen
66%
18 Steelers Diontae Johnson
66%
10 Broncos Jerry Jeudy
66%
11 Jaguars Marvin Jones
66%
17 Commanders Terry Mclaurin
66%
83 Bengals Tyler Boyd
66%
14 Broncos Courtland Sutton
64%
11 Bears Darnell Mooney
64%
13 Jaguars Christian Kirk
59%
17 Jets Garrett Wilson
58%
14 Steelers George Pickens
57%
9 Packers Christian Watson
56%
10 Ravens Demarcus Robinson
56%
84 Chiefs Justin Watson
56%
86 Giants Darius Slayton
55%
12 Saints Chris Olave
54%
13 Texans Brandin Cooks
52%
13 Raiders Hunter Renfrow
52%
15 49ers Jauan Jennings
52%
5 Falcons Drake London
51%
5 Chargers Josh Palmer
51%
13 Cowboys Michael Gallup
51%
10 Bears Chase Claypool
47%
13 Packers Allen Lazard
46%
16 Patriots Jakobi Meyers
42%
17 Vikings K.J. Osborn
42%
12 Ravens Rashod Bateman
39%
2 Titans Robert Woods
36%
11 Chiefs Marquez Valdes-Scantling
34%
16 Titans Treylon Burks
34%
1 Commanders Jahan Dotson
33%
16 Eagles Quez Watkins
32%
1 Patriots DeVantae Parker
31%
84 Patriots Kendrick Bourne
31%
18 Texans Nico Collins
31%
4 Lions D.J. Chark
29%
87 Packers Romeo Doubs
29%
14 Colts Alec Pierce
27%
13 Ravens Devin Duvernay
21%
1 Colts Parris Campbell
21%
18 Giants Isaiah Hodgins
18%
6 Bills Isaiah McKenzie
17%
17 Falcons Olamide Zaccheaus
17%
17 Buccaneers Russell Gage
17%
10 Raiders Mack Hollins
16%
11 Seahawks Marquise Goodwin
16%
80 Giants Richie James
16%
88 Panthers Terrace Marshall Jr.
16%
11 Lions Kalif Raymond
11%
15 Titans Nick Westbrook-Ikhine
8%
18 Browns David Bell
7%
83 Cardinals Greg Dortch
7%
14 Dolphins Trent Sherfield
7%
18 Rams Ben Skowronek
6%
82 Steelers Steven Sims
6%
87 Falcons Damiere Byrd
5%
81 Broncos Kendall Hinton
3%
89 Saints Rashid Saheed
1%
No matching quizzes found
Score Distribution
Percent of People with Each Score
Percentile by Number Answered
Your Score History
You have not taken this quiz since the last reset